Muslim relations with christians, jews and others: association, dissociation, kindness, justice, and compassion (Record no. 41757)

MARC details
000 -LEADER
fixed length control field 00493nam a2200169Ia 4500
020 ## - INTERNATIONAL STANDARD BOOK NUMBER
ISBN 978978479720
050 ## - CALL MARK
Classification number BL 410 .M87/
245 #0 - TITLE STATEMENT
Title Muslim relations with christians, jews and others: association, dissociation, kindness, justice, and compassion
260 ## - PUBLICATION, DISTRIBUTION, ETC. (IMPRINT)
Place of publication Minna, Nigeria
260 ## - PUBLICATION, DISTRIBUTION, ETC. (IMPRINT)
Name of publisher Da’wah institute of Nigeria
260 ## - PUBLICATION, DISTRIBUTION, ETC. (IMPRINT)
Year of publication 2018
300 ## - PHYSICAL DESCRIPTION
Number of Pages 241 p
650 ## - SUBJECT ADDED ENTRY--TOPICAL TERM
Topical Term Minna, Nigeria
942 ## - ADDED ENTRY ELEMENTS (KOHA)
Koha item type Books
Holdings
Withdrawn status Lost status Source of classification or shelving scheme Damaged status Not for loan Permanent Location Current Location Shelving location Date acquired Accession Number Price effective from Koha item type
    Library of Congress Classification     NILE UNIVERSITY OF NIGERIA - MAIN LIBRARY NILE UNIVERSITY OF NIGERIA - MAIN LIBRARY Items on shelf 06/03/2025 0191974 06/03/2025 Books